<?xml version="1.0" encoding="UTF-8"?>
<record
    xmlns:xsi="http://www.w3.org/2001/XMLSchema-instance"
    xsi:schemaLocation="http://www.loc.gov/MARC21/slim http://www.loc.gov/standards/marcxml/schema/MARC21slim.xsd"
    xmlns="http://www.loc.gov/MARC21/slim">

  <leader>00733nas a2200229   4500</leader>
  <controlfield tag="001">113349</controlfield>
  <controlfield tag="003">DR-UNIBE</controlfield>
  <controlfield tag="005">20260526101938.0</controlfield>
  <controlfield tag="008">250318b2004    bo ||||| |||| 00| 0 spa d</controlfield>
  <datafield tag="040" ind1=" " ind2=" ">
    <subfield code="a">Biblioteca UNIBE</subfield>
    <subfield code="c">Biblioteca UNIBE</subfield>
  </datafield>
  <datafield tag="041" ind1=" " ind2=" ">
    <subfield code="a">spa</subfield>
  </datafield>
  <datafield tag="082" ind1=" " ind2=" ">
    <subfield code="2">22</subfield>
    <subfield code="a">PP 340.8405 D536j</subfield>
  </datafield>
  <datafield tag="245" ind1="0" ind2="0">
    <subfield code="a">Di&#xE1;logo jur&#xED;dico</subfield>
  </datafield>
  <datafield tag="260" ind1=" " ind2=" ">
    <subfield code="a">Sucre, Bolivia :</subfield>
    <subfield code="b">Corte Suprema de Justicia de la Naci&#xF3;n,</subfield>
    <subfield code="c">2004</subfield>
  </datafield>
  <datafield tag="300" ind1=" " ind2=" ">
    <subfield code="a">vol&#xFA;menes ;</subfield>
    <subfield code="c">25 cm</subfield>
  </datafield>
  <datafield tag="362" ind1=" " ind2=" ">
    <subfield code="a">N&#xFA;mero 1 (2004)</subfield>
  </datafield>
  <datafield tag="650" ind1=" " ind2="7">
    <subfield code="2">lemb</subfield>
    <subfield code="a">Derecho</subfield>
    <subfield code="z">Bolivia</subfield>
    <subfield code="9">205466</subfield>
  </datafield>
  <datafield tag="651" ind1=" " ind2="7">
    <subfield code="a">Bolivia</subfield>
    <subfield code="x">Corte Suprema de Justicia</subfield>
    <subfield code="9">193177</subfield>
  </datafield>
  <datafield tag="655" ind1=" " ind2="7">
    <subfield code="2">lemb</subfield>
    <subfield code="a">Publicaciones peri&#xF3;dicas</subfield>
  </datafield>
  <datafield tag="710" ind1="1" ind2=" ">
    <subfield code="a">Bolivia. </subfield>
    <subfield code="b">Corte Suprema de Justicia de la Naci&#xF3;n</subfield>
    <subfield code="e">autor</subfield>
    <subfield code="9">193178</subfield>
  </datafield>
  <datafield tag="942" ind1=" " ind2=" ">
    <subfield code="2">ddc</subfield>
    <subfield code="c">CR</subfield>
  </datafield>
  <datafield tag="999" ind1=" " ind2=" ">
    <subfield code="c">113349</subfield>
    <subfield code="d">113349</subfield>
  </datafield>
  <datafield tag="952" ind1=" " ind2=" ">
    <subfield code="0">0</subfield>
    <subfield code="1">0</subfield>
    <subfield code="2">ddc</subfield>
    <subfield code="4">0</subfield>
    <subfield code="7">0</subfield>
    <subfield code="8">HEM</subfield>
    <subfield code="a">Principal</subfield>
    <subfield code="b">Principal</subfield>
    <subfield code="d">2025-03-18</subfield>
    <subfield code="h">N&#xFA;mero 1 (2004)</subfield>
    <subfield code="l">0</subfield>
    <subfield code="o">PP 340.8405 D536j</subfield>
    <subfield code="p">R250030</subfield>
    <subfield code="r">2025-03-18 15:42:49</subfield>
    <subfield code="t">Ej. 1</subfield>
    <subfield code="w">2025-03-18</subfield>
    <subfield code="y">CR</subfield>
  </datafield>
</record>
